Publicita správy v ochrane životného prostredia

Zákon o prístupe k informáciám čl. 26 a 45 Ústavy SR. Normotvorba pred rokom 1989. Zákon č. 171/1998 Z.z. o prístupe k informáciám o životnom prostredí, predmet úpravy a jeho filozofia.

Gespeichert in:
Bibliographische Detailangaben
1. Verfasser: Košičiarová, Soňa
Format: Buchkapitel
Sprache:Slowakisch
Schlagworte:
Tags: Tag hinzufügen
Keine Tags, Fügen Sie das erste Tag hinzu!

MARC

LEADER 00000naa a2200000 4500
001 r033463
005 20230825081118.0
041 0 |a slo 
044 |a SK 
245 1 0 |a Publicita správy v ochrane životného prostredia  |c Soňa Košičiarová 
520 |a Zákon o prístupe k informáciám čl. 26 a 45 Ústavy SR. Normotvorba pred rokom 1989. Zákon č. 171/1998 Z.z. o prístupe k informáciám o životnom prostredí, predmet úpravy a jeho filozofia. 
610 2 0 |a ochrana prostredia životného 
610 2 0 |a zákony 
610 2 0 |a právo ústavné 
610 2 0 |a informácie 
610 2 0 |a správa verejná 
610 2 0 |a Slovensko 
100 1 |a Košičiarová, Soňa